Hardware-software Complex Prototyping for the Pulse Power Supply Control System of Tokamak T-15; Procedia Computer Science; Vol. 66 : 4th International Young Scientist Conference on Computational Science
| Parent link: | Procedia Computer Science: Scientific Journal Vol. 66 : 4th International Young Scientist Conference on Computational Science.— 2015.— [P. 546–555] |
|---|---|
| Main Author: | |
| Corporate Author: | |
| Other Authors: | , |
| Summary: | Title screen A new hardware-software complex for digital control of a pulse power supply system was de- veloped for the tokamak T-15 upgrade. Special controller software provides implementation of flexible digital control of semiconductor converters. For most functions it is required that the software should keep control loop timing accurately. The complex software runs under the Linux operating system. To turn it into a real-time system open-source Xenomai framework was used. To test the framework applicability for the tasks of power sources control a research of a test system executing the basic functions of a real system was conducted. The required cycle was accomplished by separation of important tasks into real-time threads while using previously developed program code and libraries, which were already tested in the real system for non-real-time task without significant changes. |
| Language: | English |
| Published: |
2015
|
| Subjects: | |
| Online Access: | http://dx.doi.org/10.1016/j.procs.2015.11.062 |
| Format: | Electronic Book Chapter |
| KOHA link: | https://koha.lib.tpu.ru/cgi-bin/koha/opac-detail.pl?biblionumber=648527 |
MARC
| LEADER | 00000naa0a2200000 4500 | ||
|---|---|---|---|
| 001 | 648527 | ||
| 005 | 20260310103312.0 | ||
| 035 | |a (RuTPU)RU\TPU\network\13686 | ||
| 090 | |a 648527 | ||
| 100 | |a 20160523d2015 k||y0rusy50 ba | ||
| 101 | 0 | |a eng | |
| 102 | |a US | ||
| 135 | |a drcn ---uucaa | ||
| 181 | 0 | |a i | |
| 182 | 0 | |a b | |
| 200 | 1 | |a Hardware-software Complex Prototyping for the Pulse Power Supply Control System of Tokamak T-15 |f P. S. Anistratov, Yu. N. Golobokov, V. M. Pavlov | |
| 203 | |a Text |c electronic | ||
| 300 | |a Title screen | ||
| 320 | |a [References: p. 555 (6 tit.)] | ||
| 330 | |a A new hardware-software complex for digital control of a pulse power supply system was de- veloped for the tokamak T-15 upgrade. Special controller software provides implementation of flexible digital control of semiconductor converters. For most functions it is required that the software should keep control loop timing accurately. The complex software runs under the Linux operating system. To turn it into a real-time system open-source Xenomai framework was used. To test the framework applicability for the tasks of power sources control a research of a test system executing the basic functions of a real system was conducted. The required cycle was accomplished by separation of important tasks into real-time threads while using previously developed program code and libraries, which were already tested in the real system for non-real-time task without significant changes. | ||
| 461 | |t Procedia Computer Science |o Scientific Journal | ||
| 463 | |t Vol. 66 : 4th International Young Scientist Conference on Computational Science |v [P. 546–555] |d 2015 | ||
| 610 | 1 | |a электронный ресурс | |
| 610 | 1 | |a труды учёных ТПУ | |
| 610 | 1 | |a аппаратно-программные комплексы | |
| 610 | 1 | |a цифровое управление | |
| 700 | 1 | |a Anistratov |b P. S. |g Pavel Sergeevich | |
| 701 | 1 | |a Golobokov |b Yu. N. |c specialist in the field of nuclear engineering |c engineer of Tomsk Polytechnic University |f 1982- |g Yury Nikolaevich |3 (RuTPU)RU\TPU\pers\36798 |9 19827 | |
| 701 | 1 | |a Pavlov |b V. M. |c specialist in the field of automation equipment and electronics |c Associate Professor of Tomsk Polytechnic University, Candidate of technical sciences |f 1965- |g Vadim Mikhailovich |3 (RuTPU)RU\TPU\pers\31224 |9 15419 | |
| 712 | 0 | 2 | |a Национальный исследовательский Томский политехнический университет |c (2009- ) |9 26305 |
| 801 | 2 | |a RU |b 63413507 |c 20160627 |g RCR | |
| 856 | 4 | |u http://dx.doi.org/10.1016/j.procs.2015.11.062 | |
| 942 | |c CF | ||